Neuro-evolúcia riadenia autonómneho vozidla

Salvato in:
Dettagli Bibliografici
Autore principale: Gombár, Samuel (Autore)
Altri autori: Zúbek, Filip (Relatore della tesi)
Natura: Manoscritto Libro
Lingua:slovacco
Pubblicazione: Bratislava : STU v Bratislave FEI, 2024
Soggetti:
Accesso online:https://opac.crzp.sk/?fn=detailBiblioFormChildI17CCO&sid=DDCD2C6FBCAD481F284AC3B200E4&seo=CRZP-detail-kniha
Tags: Aggiungi Tag
Nessun Tag, puoi essere il primo ad aggiungerne!!

MARC

LEADER 00000ntm a22000003a 4500
001 stuzp96711
003 SK-STU
005 20250401125608.1
007 ta
008 150427s2015----xo-----f-mn---000-0-slo-d
040 |a STU  |b slo 
041 0 |a slo 
044 |a xo 
100 1 |a Gombár, Samuel  |u 031000  |4 aut  |U FEI Fakulta elektrotechniky a informatiky  |T FEI Ústav robotiky a kybernetiky  |X 115003  |U E011  |Y 356  |7 115003 
242 0 1 |a Neuro-Evolution of Autonomous Vehicle Driving  |y eng 
245 1 0 |a Neuro-evolúcia riadenia autonómneho vozidla 
260 |a Bratislava :  |b STU v Bratislave FEI,  |c 2024 
300 |a 50 s. 
650 4 |a neurónová sieť  |2 slo 
650 4 |a neuro-evolúcia  |2 slo 
650 4 |a MLP  |2 slo 
650 4 |a genetický algoritmus  |2 slo 
650 4 |a matlab  |2 slo 
650 4 |a riadenie  |2 slo 
650 4 |a umelá inteligencia  |2 slo 
650 4 |a autonómne vozidlo  |2 slo 
650 4 |a neuro-evolution  |2 eng 
650 4 |a autonomous vehicle  |2 eng 
650 4 |a control  |2 eng 
650 4 |a matlab  |2 eng 
650 4 |a genetic algorithm  |2 eng 
650 4 |a artificial intelligence  |2 eng 
650 4 |a neural network  |2 eng 
650 4 |a MLP  |2 eng 
700 1 |a Zúbek, Filip  |u 031000  |k Z3  |4 ths  |U FEI Fakulta elektrotechniky a informatiky  |T FEI Ústav robotiky a kybernetiky  |X 86458  |U E011  |Y 356  |7 86458 
856 4 |u https://opac.crzp.sk/?fn=detailBiblioFormChildI17CCO&sid=DDCD2C6FBCAD481F284AC3B200E4&seo=CRZP-detail-kniha